Statistiques concernant Les centaines de 100 à 2000 en 15 secondes

Cliquez ici pour prendre le quiz!

Statistiques générales

  • Ce quiz a été pris 180 fois
  • Le résultat moyen est 13 sur 20

Statistiques - réponses

HintRéponse% Correct
100100
99%
200200
95%
400400
92%
300300
91%
500500
89%
600600
89%
700700
88%
10001000
86%
800800
86%
900900
85%
11001100
67%
12001200
56%
13001300
46%
14001400
44%
15001500
38%
16001600
32%
20002000
29%
17001700
24%
18001800
20%
19001900
15%

Distribution des résultats

Percentile par nombre de réponses

% des personnes avec chaque résultat

Votre développement - résultats

Vous n’avez pas pris ce quiz